| Tag |
First Indicator |
Second Indicator |
Subfields |
| LEADER |
00000cam a2200000 4500 |
| 001 |
in00003338457 |
| 005 |
20190404202800.0 |
| 006 |
m |d | |
| 007 |
cr |n||||||||n |
| 008 |
901026s1639 enk|||| o 00| ||eng c |
| 035 |
|
|
|a (CU-RivES)S102367
|
| 035 |
|
|
|a (OCoLC)643157381
|
| 035 |
|
|
|a (UtOrBLW)galbcn000883
|
| 040 |
|
|
|a CU-RivES
|c CU-RivES
|d CStRLIN
|e dcrb
|d Gale
|d UtOrBLW
|
| 100 |
1 |
|
|a Leslie, Henry,
|d 1580-1661.
|
| 240 |
1 |
0 |
|a Speech, delivered at the visitation of Downe and Conner, held in Lisnegarvy the 26th. of September, 1638
|
| 245 |
1 |
0 |
|a Full Confutation of the Covenant.
|
| 264 |
|
3 |
|a London :
|b printed by John Raworth, for George Thomason and Octavian Pullen, and are to be sold at the Rose in St. Pauls Church-yard,
|c 1639.
|
| 300 |
|
|
|a 1 online resource.
|
| 336 |
|
|
|a text
|b txt
|2 rdacontent
|
| 337 |
|
|
|a computer
|b c
|2 rdamedia
|
| 338 |
|
|
|a online resource
|b cr
|2 rdacarrier
|
| 490 |
1 |
|
|a 17th-18th century Burney Collection newspapers
|
| 500 |
|
|
|a Reproduction of the originals from the Burney Collection, the British Library (London).
|
| 500 |
|
|
|a A reissue, with cancel title page, of: Leslie, Henry. A speech, delivered at the visitation of Downe and Conner, held in Lisnegarvy the 26th. of September, 1638.
|
| 500 |
|
|
|a Page 38 is misnumbered 20.
|
| 510 |
4 |
|
|a STC (2nd ed.),
|c 15497
|
| 539 |
|
|
|a L.
|
| 539 |
|
|
|a L (Burney).
|
| 500 |
|
|
|a Electronic resource.
|
| 648 |
|
7 |
|a 1473-1640
|2 local
|
| 650 |
|
0 |
|a Presbyterianism
|v Early works to 1800.
|
| 655 |
|
7 |
|a Newspapers.
|2 local
|
| 710 |
2 |
|
|a British Library.
|
| 752 |
|
|
|a Great Britain
|b England
|d London.
|
| 856 |
4 |
0 |
|u http://proxy.library.tamu.edu/login?url=http://find.galegroup.com/bncn/infomark.do?serQuery=Locale%28en%2C%2C%29%3AFQE%3D%28JX%2CNone%2C34%29%22Full+Confutation+of+the+Covenant%22%24&queryType=PH&type=pubIssues&prodId=BBCN&version=1.0&source=library&userGroupName=txshracd2898
|z Connect to the full text of this electronic resource
|t 0
|
| 830 |
|
0 |
|a 17th-18th century Burney Collection newspapers.
|
| 999 |
|
|
|a MARS
|
| 999 |
f |
f |
|s 3cfcade0-4553-307b-9846-68968311c8da
|i dbf952a8-7c7b-3ee2-848e-da444aff747c
|t 0
|
| 952 |
f |
f |
|a Texas A&M University
|b College Station
|c Electronic Resources
|d Available Online
|t 0
|h No information provided
|
| 998 |
f |
f |
|t 0
|l Available Online
|